|
|
|
|
| LEADER |
00732cam a2200169 7i4500 |
| 001 |
0000002614 |
| 005 |
19991025090000.0 |
| 002 |
##000003851 |
| 020 |
0 |
0 |
|a T000003815
|
| 090 |
0 |
0 |
|a CHIN 621.8
|b CHI
|
| 245 |
0 |
0 |
|a China's machinery market.
|
| 260 |
0 |
0 |
|a Wanchai, Hong Kong:
|b Research Department,
|c 1993.
|
| 300 |
0 |
0 |
|a 53p.
|
| 500 |
0 |
0 |
|a This report gives a brief introduction on China's machinery import market to technology & equipment traders#
|a It also outlines the types of machinery to be imported during the Eight Five-Year Plan period, the administration system of China's technology import and the channels for machinery
|
| 650 |
0 |
0 |
|a Machinery industry
|
| 651 |
0 |
0 |
|a China
|
| 999 |
|
|
|a 000004135
|b Book
|c Open shelf
|e Business Information Centre
|